| 000 | 00891ctm a22002055a 4500 | ||
|---|---|---|---|
| 001 | L141165 | ||
| 008 | 071031s1820 xxk eng u | ||
| 035 | _a(Sirsi) u141165 | ||
| 041 | 0 | _aeng | |
| 245 | 0 | 1 |
_a[Document dated 2 June 1820 relating to the sale of timber at Lackanshandewheat, Knockalisheen and Graignagower] _h[manuscript] |
| 260 | _c1820 | ||
| 300 |
_a2 sheets _c23 x 19 cm. + _e1 sheet (8 x 7 cm.) |
||
| 351 | _cSingle item | ||
| 500 | _aItem is a memorandum of an agreement between William Welland, on behalf of the Right Honorable George Lord Viscount Midleton and Baron Brodrick, and John Kelly. | ||
| 500 | _aItem is accompanied by a newspaper clipping relating to the sale of timber. | ||
| 500 | _aItem presented by John St Rosevear on 17 August 1950. | ||
| 651 | 4 |
_aIreland (Republic of) _y |
|
| 690 | _aPROPERTY-PROPERTY ACQUISITION AND DISPOSAL | ||
| 942 | _n0 | ||
| 999 |
_c116636 _d116636 |
||